La crisi d’impresa La procedura di concordato preventivo /

Bibliographic Details
Main Author: Costa, Antonio
Format: eBook
Language:Italian
Published: Bari : Cacucci Editore, 2013
Subjects:
Online Access:Acceso restringido

MARC

LEADER 00000nam a22000007a 4500
005 20130710182242.0
007 cr|||| ||||
008 130710s2013 it |||||s|||| 00||0 ita d
035 |a 11384 
040 |a vLex 
090 |c 4416  |d 4416 
100 1 |a Costa, Antonio 
245 1 3 |a La crisi d’impresa  |h [Recurso electrn̤ico] :  |b La procedura di concordato preventivo /  |c Antonio Costa  
256 |a Servicio en ln̕ea 
260 |a Bari :  |b Cacucci Editore,  |c 2013 
300 |a 1 recurso electrn̤ico 
506 1 |a Contenido solo disponible en los productos indicados  |d vLex Global  |d vLex Global (Academic Edition, excluding Law Schools)  |d vLex Global (U.S. Academic Edition, Law Schools)  |d vLex Global (U.S. Academic Edition, excluding Law Schools)  |d vLex Global (Academic Edition, Law Schools) 
650 0 4 |a Crisis  |x Gestin̤  |z Italia 
740 0 |a vLex Libros (Servicio en ln̕ea) 
856 4 0 |u http://vlex.com/source/la-crisi-impresa-la-procedura-concordato-preventivo-11384  |z Acceso restringido 
942 |c BOOK 
999 0 |a Crisis management